000 00606cam a2200181 a 4500
020 _a0471209821
040 _cUKM
082 0 0 _a332 WIL 2002 A075 Or.
100 1 _aWoodson, Hart.
245 1 0 _aGlobal convertible investing :
_bthe Gabelli way /
260 _aNew York :
_bWiley,
_c2002.
300 _axxx, 338 p. :
_bill. ;
_c24 cm.
650 0 _aConvertible securities.
856 4 2 _uhttp://www.loc.gov/catdir/bios/wiley044/2002278950.html
856 4 2 _uhttp://www.loc.gov/catdir/description/wiley036/2002278950.html
856 4 1 _uhttp://www.loc.gov/catdir/toc/wiley022/2002278950.html
942 _cEK
999 _c15378
_d15378